00461nam a22001692 4500001001100000005001700011008004100028020001700069040001500086245006500101250001300166260002700179300001700206650003400223700003100257852000300288000002055720151021151139.0110922s xx 000 0 eng d a1412923194 : aKABUcKABU10aKey concepts in public relations /cBob Franklin ...[et al.] a1st ed. aLondon :bSAGE,c2009. axii, 253 p. 0aPublic relations.@00000472741 aFranklin, Bob.@00001809511